Reading 7, volume 2

Uloženo v:
Podrobná bibliografie
Médium: Kniha
Vydáno: 2006
Tagy: Přidat tag
Žádné tagy, Buďte první, kdo otaguje tento záznam!
Thư viện lưu trữ: Mạng thư viện Đại học Đà Nẵng
LEADER 00431nam a22001811a 4500
001 000038487
003 14782
005 20160412021318.0
008 160412s2006 000
082 |a 4A(07)2610-13 
245 |a Reading 7, volume 2  |c Võ Lục Hà 
260 |c 2006 
OWN |a LNN 
999 |a From the UDN01 
TYP |a Monograph 
980 |a Mạng thư viện Đại học Đà Nẵng